KHind : (Record no. 178287)
[ view plain ]
| 000 -LEADER | |
|---|---|
| fixed length control field | 01381nam a2200385 i 4500 |
| 001 - CONTROL NUMBER | |
| control field | vtls000680880 |
| 003 - CONTROL NUMBER IDENTIFIER | |
| control field | PNM |
| 005 - DATE AND TIME OF LATEST TRANSACTION | |
| control field | 20200716175342.0 |
| 008 - FIXED-LENGTH DATA ELEMENTS--GENERAL INFORMATION | |
| fixed length control field | 160506t20142008my g 001 0 may |
| 015 ## - NATIONAL BIBLIOGRAPHY NUMBER | |
| National bibliography number | M14-00213 |
| 020 ## - INTERNATIONAL STANDARD BOOK NUMBER | |
| International Standard Book Number | 9789830689302 |
| Qualifying information | paperback |
| 039 #9 - LEVEL OF BIBLIOGRAPHIC CONTROL AND CODING DETAIL [OBSOLETE] | |
| Level of rules in bibliographic description | 201605061113 |
| Level of effort used to assign nonsubject heading access points | VLOAD |
| Level of effort used to assign subject headings | 201604260945 |
| Level of effort used to assign classification | VLOAD |
| Level of effort used to assign subject headings | 201404181157 |
| Level of effort used to assign classification | manoriah |
| Level of effort used to assign subject headings | 201402041707 |
| Level of effort used to assign classification | hishamuddin |
| 040 ## - CATALOGING SOURCE | |
| Original cataloging agency | BNM |
| Language of cataloging | eng |
| Transcribing agency | BNM |
| Description conventions | rda |
| Modifying agency | PPAK |
| 049 ## - LOCAL HOLDINGS (OCLC) | |
| Holding library | mal |
| 082 04 - DEWEY DECIMAL CLASSIFICATION NUMBER | |
| Classification number | 658.827 |
| Edition number | 23 |
| 090 00 - LOCALLY ASSIGNED LC-TYPE CALL NUMBER (OCLC); LOCAL CALL NUMBER (RLIN) | |
| Classification number (OCLC) (R) ; Classification number, CALL (RLIN) (NR) | 658.827 |
| Feature heading | CHE |
| Feature heading | G |
| 100 1# - MAIN ENTRY--PERSONAL NAME | |
| Personal name | Cheng, Ping Keat, |
| Relator term | author. |
| 240 10 - UNIFORM TITLE | |
| Uniform title | KHIND-have you heard of it?. |
| Language of a work | Malay |
| 245 10 - TITLE STATEMENT | |
| Title | KHind : |
| Remainder of title | Dari Lokal ke Global / |
| Statement of responsibility, etc. | Cheng Ping Keat ; Penterjemah Azwar Abd Manan |
| 246 30 - VARYING FORM OF TITLE | |
| Title proper/short title | KHIND : |
| Remainder of title | Dari Lokal ke Global |
| 264 #1 - PRODUCTION, PUBLICATION, DISTRIBUTION, MANUFACTURE, AND COPYRIGHT NOTICE | |
| Place of production, publication, distribution, manufacture | Kuala Lumpur : |
| Name of producer, publisher, distributor, manufacturer | Institut Terjemahan dan Buku Malaysia, |
| Date of production, publication, distribution, manufacture, or copyright notice | 2014 |
| Date of production, publication, distribution, manufacture, or copyright notice | ©2008 |
| 300 ## - PHYSICAL DESCRIPTION | |
| Extent | xix, 180 pages ; |
| Dimensions | 23 cm |
| 336 ## - CONTENT TYPE | |
| Content type term | text |
| Source | rdacontent |
| 337 ## - MEDIA TYPE | |
| Media type term | unmediated |
| Source | rdamedia |
| 338 ## - CARRIER TYPE | |
| Carrier type term | volume |
| Source | rdacarrier |
| 500 ## - GENERAL NOTE | |
| General note | Includes index |
| 650 10 - SUBJECT ADDED ENTRY--TOPICAL TERM | |
| Topical term or geographic name entry element | Brand name products |
| Geographic subdivision | Malaysia |
| General subdivision | History |
| 700 0# - ADDED ENTRY--PERSONAL NAME | |
| Personal name | Azwar Abd. Manan, |
| Relator term | translator. |
| Relationship information | Translation of: |
| Personal name | Cheng, Ping Keat. |
| Title of a work | KHIND-have you heard of it? |
| 765 0# - ORIGINAL LANGUAGE ENTRY | |
| Main entry heading | Cheng, Ping Keat. |
| Title | KHIND-have you heard of it?. |
| Place, publisher, and date of publication | Kuala Lumpur: Institut Pengurusan Malaysia, 2008 |
| Physical description | 220 pages ; 21 cm |
| 942 ## - ADDED ENTRY ELEMENTS (KOHA) | |
| Source of classification or shelving scheme | Dewey Decimal Classification |
| Koha item type | Book |
| 949 ## - LOCAL PROCESSING INFORMATION (OCLC) | |
| 6 | 2000074155 |
| 6 | 2000074156 |
| Withdrawn | Not for loan | Current library | Shelving location | Date acquired | Full call number | Barcode | Date last seen | Koha item type |
|---|---|---|---|---|---|---|---|---|
| Perpustakaan Langkawi | Pinjaman Dewasa | 29/07/2020 | 658.827 CHE | A00739538 | 29/07/2020 | Book |